00662nam a22002177a 4500003000500000005001700005008004100022010001000063011001000073035001000083040000900093082001500102100002000117245010400137260004100241300003200282490004300314650002900357700001500386830004300401CHAP20220329140208.0971013s1984 nl a r 00010 eng d a48389 a49361 a53509 cCHAP04a631.46bV400aVeeger, C.eed.10aAdvances in nitrogen fixation researchb: proceedings of the...c/editado por C. Veeger y W. E. New aThe Hague :bMartinus Nijhoff,c1984 a760 p. :b: ilus., gráfs. aAdvances in agricultural biotechnology14aNitrógenoxFijación.0 aNew, W. E.0 aAdvances in agricultural biotechnology